[Event "DEM U18w 2025"]
[Site "Willingen GER"]
[Date "2025.06.08"]
[Round "1"]
[White "Ulrich, Helena Irene"]
[Black "Bräutigam, Katerina"]
[Result "0-1"]
[Termination "normal"]
[Board "1"]
[BlackTitle "WFM"]
[WhiteElo "1841"]
[BlackElo "2095"]
[WhiteClock "00:00:46"]
[BlackClock "00:00:50"]
[PlyCount "60"]
[WhiteFideId "16256000"]
[BlackFideId "16242980"]
[EventCountry "GER"]
[EventRounds "9"]
[EventType "swiss"]
[EventDate "2025.06.07"]

1. e4 {[%clk 01:30:59]} c6 {[%clk 01:30:55]} {[%emt 00:00:05]} 2. d4 {[%clk
01:31:25]} {[%emt 00:00:03]} d5 {[%clk 01:31:21]} {[%emt 00:00:04]} 3. exd5
{[%clk 01:31:52]} {[%emt 00:00:04]} cxd5 {[%clk 01:31:44]} {[%emt 00:00:08]} 4.
Bd3 {[%clk 01:32:18]} {[%emt 00:00:03]} Nc6 {[%clk 01:32:05]} {[%emt 00:00:08]}
5. c3 {[%clk 01:32:44]} {[%emt 00:00:05]} Nf6 {[%clk 01:32:26]} {[%emt
00:00:08]} 6. Bf4 {[%clk 01:33:10]} {[%emt 00:00:05]} g6 {[%clk 01:32:37]}
{[%emt 00:00:19]} 7. Nd2 {[%clk 01:33:32]} {[%emt 00:00:07]} Bg7 {[%clk
01:32:49]} {[%emt 00:00:19]} 8. Ngf3 {[%clk 01:33:55]} {[%emt 00:00:07]} O-O
{[%clk 01:33:01]} {[%emt 00:00:18]} 9. O-O {[%clk 01:34:18]} {[%emt 00:00:07]}
Bf5 {[%clk 01:32:44]} {[%emt 00:00:47]} 10. Bxf5 {[%clk 01:34:27]} {[%emt
00:00:21]} gxf5 {[%clk 01:33:07]} {[%emt 00:00:06]} 11. Ne5 {[%clk 01:34:40]}
{[%emt 00:00:18]} e6 {[%clk 01:31:15]} {[%emt 00:02:22]} 12. Nxc6 {[%clk
01:33:03]} {[%emt 00:02:07]} bxc6 {[%clk 01:31:38]} {[%emt 00:00:07]} 13. Re1
{[%clk 01:31:48]} {[%emt 00:01:45]} Ne4 {[%clk 01:29:36]} {[%emt 00:02:32]} 14.
Qh5 {[%clk 01:30:24]} {[%emt 00:01:55]} f6 {[%clk 01:09:06]} {[%emt 00:20:59]}
15. f3 {[%clk 01:22:21]} {[%emt 00:08:33]} Nxd2 {[%clk 01:05:59]} {[%emt
00:03:37]} 16. Bxd2 {[%clk 01:22:49]} {[%emt 00:00:02]} Qb6 {[%clk 00:41:44]}
{[%emt 00:24:45]} 17. b3 {[%clk 01:09:06]} {[%emt 00:14:13]} c5 {[%clk
00:37:03]} {[%emt 00:05:10]} 18. dxc5 {[%clk 00:47:47]} {[%emt 00:21:50]} Qxc5+
{[%clk 00:37:21]} {[%emt 00:00:11]} 19. Kh1 {[%clk 00:48:11]} {[%emt 00:00:06]}
Qc8 {[%clk 00:31:00]} {[%emt 00:06:52]} 20. Rg1 {[%clk 00:40:10]} {[%emt
00:08:31]} e5 {[%clk 00:24:35]} {[%emt 00:06:54]} 21. g4 {[%clk 00:35:45]}
{[%emt 00:04:56]} f4 {[%clk 00:22:34]} {[%emt 00:02:30]} 22. g5 {[%clk
00:27:52]} {[%emt 00:08:24]} Qf5 {[%clk 00:21:02]} {[%emt 00:02:02]} 23. Qh4
{[%clk 00:22:06]} {[%emt 00:06:16]} Qd3 {[%clk 00:18:08]} {[%emt 00:03:23]} 24.
Qf2 {[%clk 00:21:50]} {[%emt 00:00:46]} Kh8 {[%clk 00:07:49]} {[%emt 00:10:49]}
25. Rad1 {[%clk 00:05:13]} {[%emt 00:17:08]} fxg5 {[%clk 00:04:36]} {[%emt
00:03:43]} 26. Rxg5 {[%clk 00:04:02]} {[%emt 00:01:41]} e4 {[%clk 00:03:06]}
{[%emt 00:01:59]} 27. Rdg1 {[%clk 00:02:11]} {[%emt 00:02:22]} e3 {[%clk
00:00:42]} {[%emt 00:02:53]} 28. Qh4 {[%clk 00:01:40]} {[%emt 00:01:01]} exd2
{[%clk 00:00:39]} {[%emt 00:00:33]} 29. Rxg7 {[%clk 00:01:31]} {[%emt
00:00:39]} Qxf3+ {[%clk 00:00:53]} {[%emt 00:00:16]} 30. R7g2 {[%clk 00:00:46]}
{[%emt 00:01:15]} d1=Q {[%clk 00:00:50]} {[%emt 00:00:34]} 0-1

[Event "DEM U18w 2025"]
[Site "Willingen GER"]
[Date "2025.06.08"]
[Round "1"]
[White "Sereda, Yaroslava"]
[Black "Jacobasch, Ronja"]
[Result "1-0"]
[Termination "normal"]
[Board "2"]
[WhiteTitle "WFM"]
[WhiteElo "2107"]
[BlackElo "1861"]
[WhiteClock "00:10:21"]
[BlackClock "00:24:11"]
[PlyCount "97"]
[WhiteFideId "14178940"]
[BlackFideId "34604340"]
[EventCountry "GER"]
[EventRounds "9"]
[EventType "swiss"]
[EventDate "2025.06.07"]

1. e4 {[%clk 01:30:59]} g6 {[%clk 01:30:35]} {[%emt 00:00:25]} 2. d4 {[%clk
01:31:23]} {[%emt 00:00:06]} Bg7 {[%clk 01:30:50]} {[%emt 00:00:14]} 3. Nc3
{[%clk 01:31:00]} {[%emt 00:00:53]} d6 {[%clk 01:30:22]} {[%emt 00:00:58]} 4.
h3 {[%clk 01:30:14]} {[%emt 00:01:17]} c6 {[%clk 01:28:11]} {[%emt 00:02:41]}
5. Nf3 {[%clk 01:28:10]} {[%emt 00:02:34]} Nf6 {[%clk 01:23:40]} {[%emt
00:05:00]} 6. Be3 {[%clk 01:27:19]} {[%emt 00:01:21]} O-O {[%clk 01:12:37]}
{[%emt 00:11:33]} 7. Qd2 {[%clk 01:23:25]} {[%emt 00:04:25]} b5 {[%clk
01:07:39]} {[%emt 00:05:27]} 8. Bd3 {[%clk 01:22:47]} {[%emt 00:01:08]} Qa5
{[%clk 00:53:28]} {[%emt 00:14:42]} 9. O-O {[%clk 01:18:27]} {[%emt 00:04:50]}
Qc7 {[%clk 00:50:03]} {[%emt 00:03:55]} 10. Ne2 {[%clk 01:09:49]} {[%emt
00:09:08]} Nbd7 {[%clk 00:43:10]} {[%emt 00:07:24]} 11. a4 {[%clk 00:54:01]}
{[%emt 00:16:18]} Bb7 {[%clk 00:32:00]} {[%emt 00:11:39]} 12. Ng3 {[%clk
00:50:28]} {[%emt 00:04:03]} a6 {[%clk 00:30:35]} {[%emt 00:01:55]} 13. Bh6
{[%clk 00:47:42]} {[%emt 00:03:16]} e5 {[%clk 00:20:20]} {[%emt 00:10:46]} 14.
c3 {[%clk 00:38:08]} {[%emt 00:10:03]} Rae8 {[%clk 00:16:31]} {[%emt 00:04:19]}
15. Nh4 {[%clk 00:28:50]} {[%emt 00:09:48]} Kh8 {[%clk 00:11:00]} {[%emt
00:06:01]} 16. Rfe1 {[%clk 00:22:29]} {[%emt 00:06:51]} Bxh6 {[%clk 00:07:57]}
{[%emt 00:03:34]} 17. Qxh6 {[%clk 00:22:51]} {[%emt 00:00:07]} Ng8 {[%clk
00:07:57]} {[%emt 00:00:30]} 18. Qd2 {[%clk 00:22:15]} {[%emt 00:01:06]} Qd8
{[%clk 00:07:12]} {[%emt 00:01:16]} 19. Nf3 {[%clk 00:21:53]} {[%emt 00:00:52]}
Ngf6 {[%clk 00:06:14]} {[%emt 00:01:28]} 20. Ng5 {[%clk 00:14:35]} {[%emt
00:07:47]} Qc7 {[%clk 00:03:34]} {[%emt 00:03:11]} 21. h4 {[%clk 00:10:03]}
{[%emt 00:05:02]} d5 {[%clk 00:02:56]} {[%emt 00:01:08]} 22. h5 {[%clk
00:07:19]} {[%emt 00:03:13]} dxe4 {[%clk 00:02:21]} {[%emt 00:01:05]} 23. N5xe4
{[%clk 00:06:12]} {[%emt 00:01:37]} Nxe4 {[%clk 00:02:18]} {[%emt 00:00:33]}
24. Nxe4 {[%clk 00:06:02]} {[%emt 00:00:39]} Re6 {[%clk 00:01:28]} {[%emt
00:01:21]} 25. Qh6 {[%clk 00:04:32]} {[%emt 00:02:00]} gxh5 {[%clk 00:01:22]}
{[%emt 00:00:37]} 26. Qxh5 {[%clk 00:04:47]} {[%emt 00:00:14]} h6 {[%clk
00:01:08]} {[%emt 00:00:44]} 27. Ng5 {[%clk 00:03:56]} {[%emt 00:01:22]} Rf6
{[%clk 00:01:15]} {[%emt 00:00:23]} 28. Nh7 {[%clk 00:03:51]} {[%emt 00:00:34]}
Qd8 {[%clk 00:00:56]} {[%emt 00:00:49]} 29. Nxf6 {[%clk 00:04:03]} {[%emt
00:00:20]} Qxf6 {[%clk 00:01:19]} {[%emt 00:00:06]} 30. dxe5 {[%clk 00:04:19]}
{[%emt 00:00:14]} Qg5 {[%clk 00:01:05]} {[%emt 00:00:44]} 31. Qxg5 {[%clk
00:04:31]} {[%emt 00:00:17]} hxg5 {[%clk 00:01:31]} {[%emt 00:00:04]} 32. Bf5
{[%clk 00:02:33]} {[%emt 00:02:28]} Nc5 {[%clk 00:01:31]} {[%emt 00:00:31]} 33.
axb5 {[%clk 00:02:40]} {[%emt 00:00:22]} cxb5 {[%clk 00:01:50]} {[%emt
00:00:11]} 34. Rad1 {[%clk 00:02:41]} {[%emt 00:00:29]} Na4 {[%clk 00:01:25]}
{[%emt 00:00:55]} 35. Rd2 {[%clk 00:01:44]} {[%emt 00:01:27]} Nb6 {[%clk
00:01:32]} {[%emt 00:00:23]} 36. Rd6 {[%clk 00:01:34]} {[%emt 00:00:40]} Nc4
{[%clk 00:01:01]} {[%emt 00:01:01]} 37. Rh6+ {[%clk 00:01:57]} {[%emt
00:00:07]} Kg7 {[%clk 00:01:05]} {[%emt 00:00:26]} 38. Rh7+ {[%clk 00:02:20]}
{[%emt 00:00:07]} Kg8 {[%clk 00:01:09]} {[%emt 00:00:26]} 39. e6 {[%clk
00:01:15]} {[%emt 00:01:35]} fxe6 {[%clk 00:00:54]} {[%emt 00:00:45]} 40. Bc2
{[%clk 00:00:49]} {[%emt 00:00:56]} Bd5 {[%clk 00:00:42]} {[%emt 00:00:42]} 41.
Rh5 {[%clk 00:00:39]} {[%emt 00:00:40]} Nxb2 {[%clk 00:28:30]} {[%emt
00:02:43]} 42. Rxg5+ {[%clk 00:30:58]} {[%emt 00:00:10]} Kf7 {[%clk 00:28:40]}
{[%emt 00:00:20]} 43. f4 {[%clk 00:29:51]} {[%emt 00:01:36]} Nc4 {[%clk
00:28:10]} {[%emt 00:01:00]} 44. f5 {[%clk 00:19:30]} {[%emt 00:10:52]} e5
{[%clk 00:27:23]} {[%emt 00:01:17]} 45. Rg6 {[%clk 00:13:47]} {[%emt 00:06:12]}
a5 {[%clk 00:26:49]} {[%emt 00:01:05]} 46. Bb3 {[%clk 00:13:11]} {[%emt
00:01:05]} Re8 {[%clk 00:25:59]} {[%emt 00:01:20]} 47. Rd1 {[%clk 00:12:54]}
{[%emt 00:00:47]} Be4 {[%clk 00:24:07]} {[%emt 00:02:22]} 48. Rd7+ {[%clk
00:11:34]} {[%emt 00:01:50]} Kf8 {[%clk 00:24:11]} {[%emt 00:00:26]} 49. Rh6
{[%clk 00:10:21]} {[%emt 00:01:43]} 1-0

[Event "DEM U18w 2025"]
[Site "Willingen GER"]
[Date "2025.06.08"]
[Round "1"]
[White "Reddi, Bhuvana"]
[Black "Trunz, Michelle"]
[Result "0-1"]
[Termination "normal"]
[Board "3"]
[BlackTitle "WFM"]
[WhiteElo "1851"]
[BlackElo "2061"]
[WhiteClock "00:00:32"]
[BlackClock "00:10:16"]
[PlyCount "64"]
[WhiteFideId "16287002"]
[BlackFideId "16227980"]
[EventCountry "GER"]
[EventRounds "9"]
[EventType "swiss"]
[EventDate "2025.06.07"]

1. e4 {[%clk 01:30:59]} {[%emt 00:00:02]} c5 {[%clk 01:30:54]} {[%emt
00:00:06]} 2. Nc3 {[%clk 01:31:23]} {[%emt 00:00:05]} d6 {[%clk 01:31:18]}
{[%emt 00:00:07]} 3. g3 {[%clk 01:31:47]} {[%emt 00:00:05]} g6 {[%clk
01:31:06]} {[%emt 00:00:42]} 4. Bg2 {[%clk 01:32:11]} {[%emt 00:00:06]} Bg7
{[%clk 01:31:17]} {[%emt 00:00:19]} 5. Nge2 {[%clk 01:32:34]} {[%emt 00:00:07]}
Nc6 {[%clk 01:31:14]} {[%emt 00:00:33]} 6. O-O {[%clk 01:32:58]} {[%emt
00:00:06]} e6 {[%clk 01:30:34]} {[%emt 00:01:11]} 7. d3 {[%clk 01:33:09]}
{[%emt 00:00:18]} Nge7 {[%clk 01:28:36]} {[%emt 00:02:28]} 8. f4 {[%clk
01:33:12]} {[%emt 00:00:28]} O-O {[%clk 01:27:39]} {[%emt 00:01:27]} 9. g4
{[%clk 01:31:27]} {[%emt 00:02:14]} f5 {[%clk 01:26:00]} {[%emt 00:02:09]} 10.
g5 {[%clk 01:14:36]} {[%emt 00:17:21]} d5 {[%clk 01:19:43]} {[%emt 00:06:48]}
11. e5 {[%clk 01:10:00]} {[%emt 00:05:06]} a6 {[%clk 01:14:15]} {[%emt
00:05:59]} 12. Ng3 {[%clk 01:08:45]} {[%emt 00:01:44]} b5 {[%clk 01:11:24]}
{[%emt 00:03:21]} 13. h4 {[%clk 01:06:57]} {[%emt 00:02:18]} Qb6 {[%clk
01:07:36]} {[%emt 00:04:19]} 14. Kh2 {[%clk 00:50:05]} {[%emt 00:17:21]} Rd8
{[%clk 01:01:12]} {[%emt 00:06:54]} 15. Nce2 {[%clk 00:45:29]} {[%emt
00:05:06]} Bb7 {[%clk 00:57:28]} {[%emt 00:04:14]} 16. Rh1 {[%clk 00:36:35]}
{[%emt 00:09:23]} Kf7 {[%clk 00:55:09]} {[%emt 00:02:50]} 17. Ng1 {[%clk
00:23:51]} {[%emt 00:13:13]} d4 {[%clk 00:51:57]} {[%emt 00:03:43]} 18. Nf3
{[%clk 00:19:20]} {[%emt 00:05:00]} Nb4 {[%clk 00:39:09]} {[%emt 00:13:19]} 19.
Kg1 {[%clk 00:17:33]} {[%emt 00:02:17]} c4 {[%clk 00:31:57]} {[%emt 00:07:43]}
20. a3 {[%clk 00:14:19]} {[%emt 00:03:43]} Nbd5 {[%clk 00:30:07]} {[%emt
00:02:20]} 21. Nf1 {[%clk 00:06:09]} {[%emt 00:08:40]} Ne3 {[%clk 00:24:02]}
{[%emt 00:06:35]} 22. Nxe3 {[%clk 00:04:38]} {[%emt 00:02:01]} dxe3 {[%clk
00:24:20]} {[%emt 00:00:13]} 23. d4 {[%clk 00:01:41]} {[%emt 00:03:26]} Nd5
{[%clk 00:21:19]} {[%emt 00:03:31]} 24. c3 {[%clk 00:01:30]} {[%emt 00:00:42]}
Nxf4 {[%clk 00:19:58]} {[%emt 00:01:50]} 25. Qe1 {[%clk 00:01:11]} {[%emt
00:00:47]} Nxg2 {[%clk 00:17:08]} {[%emt 00:03:22]} 26. Kxg2 {[%clk 00:01:37]}
{[%emt 00:00:05]} f4 {[%clk 00:14:47]} {[%emt 00:02:50]} 27. Rf1 {[%clk
00:01:48]} {[%emt 00:00:19]} Rf8 {[%clk 00:13:19]} {[%emt 00:01:58]} 28. Kh2
{[%clk 00:01:36]} {[%emt 00:00:42]} Ke7 {[%clk 00:12:19]} {[%emt 00:01:31]} 29.
Qe2 {[%clk 00:01:06]} {[%emt 00:00:59]} Qc6 {[%clk 00:10:43]} {[%emt 00:02:07]}
30. Kh3 {[%clk 00:00:55]} {[%emt 00:00:40]} Qe4 {[%clk 00:10:35]} {[%emt
00:00:38]} 31. Kh2 {[%clk 00:00:37]} {[%emt 00:00:47]} Qd3 {[%clk 00:10:41]}
{[%emt 00:00:25]} 32. Qe1 {[%clk 00:00:32]} {[%emt 00:00:36]} e2 {[%clk
00:10:16]} {[%emt 00:00:55]} 0-1

[Event "DEM U18w 2025"]
[Site "Willingen GER"]
[Date "2025.06.08"]
[Round "1"]
[White "Neumann, Helena"]
[Black "Loos, Tilda"]
[Result "1-0"]
[Termination "normal"]
[Board "4"]
[WhiteTitle "WFM"]
[WhiteElo "2017"]
[BlackElo "1779"]
[WhiteClock "00:19:38"]
[BlackClock "00:13:52"]
[PlyCount "70"]
[WhiteFideId "16275365"]
[BlackFideId "34620559"]
[EventCountry "GER"]
[EventRounds "9"]
[EventType "swiss"]
[EventDate "2025.06.07"]

1. e4 {[%clk 01:30:59]} {[%emt 14:22:30]} c5 {[%clk 01:30:56]} {[%emt
00:00:04]} 2. Nf3 {[%clk 01:31:25]} {[%emt 00:00:04]} Nc6 {[%clk 01:31:23]}
{[%emt 00:00:04]} 3. Bb5 {[%clk 01:31:51]} {[%emt 00:00:04]} Nf6 {[%clk
01:31:47]} {[%emt 00:00:06]} 4. Nc3 {[%clk 01:31:59]} {[%emt 00:00:20]} Qc7
{[%clk 01:32:06]} {[%emt 00:00:12]} 5. O-O {[%clk 01:32:11]} {[%emt 00:00:18]}
Nd4 {[%clk 01:32:18]} {[%emt 00:00:18]} 6. Re1 {[%clk 01:32:37]} {[%emt
00:00:04]} a6 {[%clk 01:32:44]} {[%emt 00:00:05]} 7. Bf1 {[%clk 01:33:02]}
{[%emt 00:00:04]} Ng4 {[%clk 01:32:57]} {[%emt 00:00:17]} 8. e5 {[%clk
01:33:27]} {[%emt 00:00:05]} Nxf3+ {[%clk 01:33:18]} {[%emt 00:00:09]} 9. Qxf3
{[%clk 01:33:51]} {[%emt 00:00:05]} Nxe5 {[%clk 01:33:40]} {[%emt 00:00:09]}
10. Qh5 {[%clk 01:34:14]} {[%emt 00:00:07]} d6 {[%clk 01:33:55]} {[%emt
00:00:16]} 11. f4 {[%clk 01:34:39]} {[%emt 00:00:04]} Nc6 {[%clk 01:34:19]}
{[%emt 00:00:06]} 12. Nd5 {[%clk 01:35:05]} {[%emt 00:00:04]} Qd8 {[%clk
01:34:42]} {[%emt 00:00:07]} 13. b3 {[%clk 01:35:25]} {[%emt 00:00:11]} e6
{[%clk 01:34:55]} {[%emt 00:00:16]} 14. Bb2 {[%clk 01:35:51]} {[%emt 00:00:04]}
Nd4 {[%clk 01:35:19]} {[%emt 00:00:06]} 15. c3 {[%clk 01:35:31]} {[%emt
00:00:51]} Nc2 {[%clk 01:35:41]} {[%emt 00:00:08]} 16. c4 {[%clk 01:35:58]}
{[%emt 00:00:03]} Nd4 {[%clk 01:36:02]} {[%emt 00:00:07]} 17. Bxd4 {[%clk
01:28:53]} {[%emt 00:07:36]} cxd4 {[%clk 01:36:26]} {[%emt 00:00:06]} 18. f5
{[%clk 01:29:19]} {[%emt 00:00:04]} g6 {[%clk 01:36:49]} {[%emt 00:00:07]} 19.
Qf3 {[%clk 01:24:19]} {[%emt 00:05:30]} gxf5 {[%clk 01:28:18]} {[%emt
00:09:01]} 20. Qxf5 {[%clk 01:22:33]} {[%emt 00:02:16]} Be7 {[%clk 01:28:01]}
{[%emt 00:00:47]} 21. Nxe7 {[%clk 01:22:57]} {[%emt 00:00:06]} Qxe7 {[%clk
01:28:00]} {[%emt 00:00:31]} 22. Qf3 {[%clk 01:21:05]} {[%emt 00:02:22]} e5
{[%clk 01:21:35]} {[%emt 00:06:56]} 23. Bd3 {[%clk 01:13:58]} {[%emt 00:07:35]}
Be6 {[%clk 01:06:07]} {[%emt 00:15:59]} 24. c5 {[%clk 01:10:01]} {[%emt
00:04:27]} dxc5 {[%clk 00:53:15]} {[%emt 00:13:22]} 25. Rxe5 {[%clk 01:08:38]}
{[%emt 00:01:52]} Rc8 {[%clk 00:49:29]} {[%emt 00:04:16]} 26. Rae1 {[%clk
01:01:31]} {[%emt 00:07:37]} Rc6 {[%clk 00:45:44]} {[%emt 00:04:15]} 27. Be4
{[%clk 00:58:53]} {[%emt 00:03:09]} Rb6 {[%clk 00:42:23]} {[%emt 00:03:51]} 28.
Bf5 {[%clk 00:56:43]} {[%emt 00:02:40]} Kd8 {[%clk 00:38:44]} {[%emt 00:04:09]}
29. Qe4 {[%clk 00:51:14]} {[%emt 00:05:59]} Rc6 {[%clk 00:25:15]} {[%emt
00:13:58]} 30. Bxh7 {[%clk 00:34:38]} {[%emt 00:17:06]} Qf6 {[%clk 00:21:15]}
{[%emt 00:04:31]} 31. Bf5 {[%clk 00:26:41]} {[%emt 00:08:27]} Bxf5 {[%clk
00:20:41]} {[%emt 00:01:04]} 32. Rxf5 {[%clk 00:25:23]} {[%emt 00:01:48]} Qe6
{[%clk 00:19:27]} {[%emt 00:01:44]} 33. Re5 {[%clk 00:22:49]} {[%emt 00:03:03]}
Qg6 {[%clk 00:14:28]} {[%emt 00:05:30]} 34. Qd5+ {[%clk 00:19:20]} {[%emt
00:03:59]} Kc8 {[%clk 00:13:52]} {[%emt 00:01:05]} 35. Re8+ {[%clk 00:19:38]}
{[%emt 00:00:13]} Kd8 {[%emt 00:01:16]} 1-0

[Event "DEM U18w 2025"]
[Site "Willingen GER"]
[Date "2025.06.08"]
[Round "1"]
[White "Englert, Lin"]
[Black "Voigt, Anastasia"]
[Result "0-1"]
[Termination "normal"]
[Board "5"]
[WhiteElo "1797"]
[BlackElo "1986"]
[WhiteClock "00:07:20"]
[BlackClock "00:10:09"]
[PlyCount "118"]
[WhiteFideId "16226410"]
[BlackFideId "16235223"]
[EventCountry "GER"]
[EventRounds "9"]
[EventType "swiss"]
[EventDate "2025.06.07"]

1. d4 {[%clk 01:30:58]} {[%emt 00:00:02]} Nf6 {[%clk 01:30:55]} {[%emt
00:00:06]} 2. c4 {[%clk 01:31:23]} {[%emt 00:00:05]} e6 {[%clk 01:31:21]}
{[%emt 00:00:04]} 3. Nc3 {[%clk 01:31:45]} {[%emt 00:00:09]} d5 {[%clk
01:31:47]} {[%emt 00:00:03]} 4. cxd5 {[%clk 01:32:03]} {[%emt 00:00:13]} exd5
{[%clk 01:32:10]} {[%emt 00:00:06]} 5. Bg5 {[%clk 01:32:27]} {[%emt 00:00:06]}
Be7 {[%clk 01:32:35]} {[%emt 00:00:05]} 6. e3 {[%clk 01:32:52]} {[%emt
00:00:05]} c6 {[%clk 01:32:59]} {[%emt 00:00:06]} 7. Bd3 {[%clk 01:33:08]}
{[%emt 00:00:14]} O-O {[%clk 01:33:21]} {[%emt 00:00:09]} 8. Nge2 {[%clk
01:32:35]} {[%emt 00:01:02]} Nbd7 {[%clk 01:33:30]} {[%emt 00:00:21]} 9. O-O
{[%clk 01:32:44]} {[%emt 00:00:20]} Re8 {[%clk 01:33:54]} {[%emt 00:00:06]} 10.
Bh4 {[%clk 01:32:54]} {[%emt 00:00:21]} Nf8 {[%clk 01:33:44]} {[%emt 00:00:41]}
11. f3 {[%clk 01:32:20]} {[%emt 00:01:03]} Be6 {[%clk 01:33:25]} {[%emt
00:00:49]} 12. Bf2 {[%clk 01:30:20]} {[%emt 00:02:29]} Rc8 {[%clk 01:27:55]}
{[%emt 00:06:00]} 13. Kh1 {[%clk 01:29:49]} {[%emt 00:01:01]} a6 {[%clk
01:27:56]} {[%emt 00:00:31]} 14. e4 {[%clk 01:27:31]} {[%emt 00:02:48]} dxe4
{[%clk 01:26:02]} {[%emt 00:02:23]} 15. fxe4 {[%clk 01:27:35]} {[%emt
00:00:26]} Ng4 {[%clk 01:25:22]} {[%emt 00:01:09]} 16. Bg1 {[%clk 01:27:21]}
{[%emt 00:00:44]} c5 {[%clk 01:22:45]} {[%emt 00:03:09]} 17. d5 {[%clk
01:24:09]} {[%emt 00:03:41]} Bd7 {[%clk 01:23:03]} {[%emt 00:00:11]} 18. Nf4
{[%clk 01:13:04]} {[%emt 00:11:35]} Ne5 {[%clk 01:18:42]} {[%emt 00:04:52]} 19.
Be2 {[%clk 01:05:38]} {[%emt 00:07:55]} Bd6 {[%clk 01:14:09]} {[%emt 00:05:03]}
20. Nd3 {[%clk 00:59:59]} {[%emt 00:06:10]} Nfg6 {[%clk 01:11:58]} {[%emt
00:02:41]} 21. Bh5 {[%clk 00:50:24]} {[%emt 00:10:05]} Qg5 {[%clk 01:01:33]}
{[%emt 00:10:55]} 22. Nxe5 {[%clk 00:42:53]} {[%emt 00:08:01]} Nxe5 {[%clk
00:59:48]} {[%emt 00:02:15]} 23. Be2 {[%clk 00:38:56]} {[%emt 00:04:27]} Ng4
{[%clk 00:52:51]} {[%emt 00:07:27]} 24. Bxg4 {[%clk 00:35:33]} {[%emt
00:03:52]} Bxg4 {[%clk 00:53:11]} {[%emt 00:00:11]} 25. Qe1 {[%clk 00:34:03]}
{[%emt 00:01:59]} Qh6 {[%clk 00:47:20]} {[%emt 00:06:22]} 26. Qe3 {[%clk
00:29:09]} {[%emt 00:05:23]} Qg6 {[%clk 00:42:04]} {[%emt 00:05:46]} 27. h3
{[%clk 00:27:46]} {[%emt 00:01:53]} Bd7 {[%clk 00:42:28]} {[%emt 00:00:06]} 28.
Qf3 {[%clk 00:27:26]} {[%emt 00:00:49]} b5 {[%clk 00:38:10]} {[%emt 00:04:50]}
29. Rae1 {[%clk 00:25:46]} {[%emt 00:02:09]} b4 {[%clk 00:38:16]} {[%emt
00:00:25]} 30. Nd1 {[%clk 00:22:27]} {[%emt 00:03:48]} Bb5 {[%clk 00:37:18]}
{[%emt 00:01:27]} 31. Rf2 {[%clk 00:22:09]} {[%emt 00:00:48]} Bg3 {[%clk
00:36:22]} {[%emt 00:01:27]} 32. Re3 {[%clk 00:19:40]} {[%emt 00:02:59]} Bxf2
{[%clk 00:35:34]} {[%emt 00:01:18]} 33. Nxf2 {[%clk 00:19:59]} {[%emt
00:00:11]} Qg5 {[%clk 00:31:34]} {[%emt 00:04:30]} 34. Bh2 {[%clk 00:18:59]}
{[%emt 00:01:31]} Rcd8 {[%clk 00:29:16]} {[%emt 00:02:48]} 35. Bf4 {[%clk
00:13:30]} {[%emt 00:05:58]} Qf6 {[%clk 00:27:15]} {[%emt 00:02:32]} 36. Bc7
{[%clk 00:12:36]} {[%emt 00:01:23]} Qxf3 {[%clk 00:27:17]} {[%emt 00:00:29]}
37. gxf3 {[%clk 00:12:37]} {[%emt 00:00:29]} Rc8 {[%clk 00:24:42]} {[%emt
00:03:04]} 38. d6 {[%clk 00:12:32]} {[%emt 00:00:35]} Rxc7 {[%clk 00:21:15]}
{[%emt 00:03:58]} 39. dxc7 {[%clk 00:12:55]} {[%emt 00:00:07]} Rc8 {[%clk
00:21:40]} {[%emt 00:00:05]} 40. Nd3 {[%clk 00:11:56]} {[%emt 00:01:28]} Rxc7
{[%clk 00:21:42]} {[%emt 00:00:28]} 41. Nf4 {[%clk 00:11:40]} {[%emt 00:00:46]}
Rd7 {[%clk 00:21:17]} {[%emt 00:00:54]} 42. Nd5 {[%clk 00:11:10]} {[%emt
00:01:01]} Kf8 {[%clk 00:17:40]} {[%emt 00:04:04]} 43. b3 {[%clk 00:10:43]}
{[%emt 00:01:00]} a5 {[%clk 00:16:37]} {[%emt 00:01:33]} 44. Re1 {[%clk
00:10:01]} {[%emt 00:01:12]} c4 {[%clk 00:13:48]} {[%emt 00:03:20]} 45. bxc4
{[%clk 00:05:15]} {[%emt 00:05:16]} Bxc4 {[%clk 00:10:41]} {[%emt 00:03:36]}
46. Nb6 {[%clk 00:05:26]} {[%emt 00:00:19]} Rd4 {[%clk 00:10:54]} {[%emt
00:00:17]} 47. Nxc4 {[%clk 00:05:16]} {[%emt 00:00:42]} Rxc4 {[%clk 00:11:19]}
{[%emt 00:00:04]} 48. Re2 {[%clk 00:05:34]} {[%emt 00:00:11]} Rc3 {[%clk
00:10:37]} {[%emt 00:01:12]} 49. Kg2 {[%clk 00:05:45]} {[%emt 00:00:20]} a4
{[%clk 00:10:47]} {[%emt 00:00:20]} 50. Kg3 {[%clk 00:05:37]} {[%emt 00:00:37]}
b3 {[%clk 00:09:28]} {[%emt 00:01:49]} 51. axb3 {[%clk 00:05:44]} {[%emt
00:00:24]} axb3 {[%clk 00:09:44]} {[%emt 00:00:14]} 52. Rb2 {[%clk 00:06:01]}
{[%emt 00:00:12]} Ke7 {[%clk 00:10:10]} {[%emt 00:00:05]} 53. e5 {[%clk
00:06:13]} {[%emt 00:00:18]} Ke6 {[%clk 00:10:25]} {[%emt 00:00:15]} 54. Kf4
{[%clk 00:06:23]} {[%emt 00:00:19]} Rc4+ {[%clk 00:09:14]} {[%emt 00:01:42]}
55. Kg3 {[%clk 00:06:39]} {[%emt 00:00:13]} Rb4 {[%clk 00:09:37]} {[%emt
00:00:08]} 56. f4 {[%clk 00:06:55]} {[%emt 00:00:13]} Kf5 {[%clk 00:09:13]}
{[%emt 00:00:53]} 57. h4 {[%clk 00:06:54]} {[%emt 00:00:32]} h5 {[%clk
00:09:30]} {[%emt 00:00:13]} 58. Kh3 {[%clk 00:07:02]} {[%emt 00:00:22]} Kxf4
{[%clk 00:09:45]} {[%emt 00:00:15]} 59. Rf2+ {[%clk 00:07:20]} {[%emt
00:00:13]} Kxe5 {[%clk 00:10:09]} {[%emt 00:00:06]} 0-1